Nghệ thuật thy ca
Zapisane w:
| 1. autor: | |
|---|---|
| Format: | Książka |
| Wydane: |
H.
Lao động
2007
|
| Etykiety: |
Dodaj etykietę
Nie ma etykietki, Dołącz pierwszą etykiete!
|
| Thư viện lưu trữ: | Trung tâm Học liệu Lê Vũ Hùng, Trường Đại học Đồng Tháp |
|---|
| LEADER | 00565pam a22001698a 4500 | ||
|---|---|---|---|
| 001 | 00039286 | ||
| 005 | 20171026081025.0 | ||
| 008 | 170518s2007 ||||||Viesd | ||
| 041 | 0 | # | |a Vie |
| 082 | 1 | 4 | |a 801 |b NGH250TH |
| 100 | 1 | # | |a Aristotle |
| 245 | 1 | 0 | |a Nghệ thuật thy ca |c Aristotle; Lê Đăng Bảng...[và những người khác dịch] |
| 260 | # | # | |a H. |b Lao động |c 2007 |
| 300 | # | # | |a 136 tr. |c 19 cm |
| 852 | # | # | |b Kho đọc |j KD.1002463 |
| 910 | |d 18/05/2017 | ||
| 980 | # | # | |a Trung tâm Học liệu Lê Vũ Hùng, Trường Đại học Đồng Tháp |